| 000 | 00691nam a2200169Ia 4500 | ||
|---|---|---|---|
| 008 | 150610s9999 xx 000 0 und d | ||
| 020 | _a9781935096474 | ||
| 050 |
_aPN6071 _b .T3 C45 2009 |
||
| 245 |
_aChicken soup for the soul: _bteacher tales: 101 inspirational stories from great teachers and appreciative students / _c. |
||
| 260 |
_aUnited States : _bChicken Soup for the Soul Pub. LLC, _c2009. |
||
| 300 |
_a397pages ; _c22 cm. |
||
| 520 | _aLiterary collections. | ||
| 650 |
_aStudents-United States _bAnecdotes. |
||
| 650 |
_aStudents-United States _bLiterary collections. |
||
| 650 |
_aTeachers-United States _xAnecdotes. |
||
| 650 |
_aTeaching-United States _xLitearary collections. |
||
| 999 |
_c287977 _d287977 |
||